01365nam a2200325Ia 4500001001200000003000800012006001900020007001500039008004100054010001700095020003300112020004000145020001800185040002100203035002100224050002400245100001900269245013000288260004800418300002300466504006400489533015200553650003000705650005900735650004600794650002700840655002900867710001700896856012600913ebr10279319CaPaEBRm u cr cn|||||||||961002s1997 nyua sb 001 0 eng d z 96036850  z0195101618 (acid-free paper) z0195101626 (pbk. : acid-free paper) z9780195101621 aCaPaEBRcCaPaEBR a(OCoLC)25259547114aJK1976b.R44 1997eb1 aReeves, Keith.10aVoting hopes or fears?h[electronic resource] :bwhite voters, Black candidates & racial politics in America /cKeith Reeves. aNew York :bOxford University Press,c1997. axv, 177 p. :bill. aIncludes bibliographical references (p. 155-171) and index. aElectronic reproduction.bPalo Alto, Calif. :cebrary,d2009.nAvailable via World Wide Web.nAccess may be limited to ebrary affiliated libraries. 0aElectionszUnited States. 0aRace discriminationxPolitical aspectszUnited States. 0aRacismxPolitical aspectszUnited States. 0aVotingzUnited States. 7aElectronic books.2local2 aebrary, Inc.40uhttp://site.ebrary.com/lib/rucke/Doc?id=10279319zAn electronic book accessible through the World Wide Web; click to view